[Event "UNDER 1600 WORLD CUP - Round 1 -  Group 'A'"]
[Site "SchemingMind.com"]
[Date "2008.03.14"]
[Round "-"]
[White "Carl Lenox"]
[Black "dtedesco"]
[Result "0-1"]
[WhiteCountry "CAN"]
[BlackCountry "CAN"]
[WhiteElo "1230"]
[WhiteRD "65"]
[BlackElo "1437"]
[BlackRD "51"]
[GameID "146037"]

1. e4 c5 2. Nc3 Nc6 3. Nf3 e6 4. Bc4 a6 5. d3 d6 6. Bg5 Be7 7. Qd2 Nf6 8. O-O O-O 9. Rae1 b5 10. Bb3 Bd7
11. a4 b4 12. Ne2 h6 13. Bf4 d5 14. c4 d4 15. e5 Nh5 16. Be3 Qc7 17. Ra1 Nxe5 18. Bxh6 gxh6 19. Qxh6 Ng7 20. Rfe1 Nxd3
21. Reb1 a5 22. Bc2 Nf5 23. Qh5 Ne5 24. Be4 Ra6 25. Ng5 Bxg5 26. Qxg5+ Ng6 27. Nf4 Qxf4 28. Qf6 Qxe4 29. Qe7 Ngxe7
0-1

[Event "UNDER 1600 WORLD CUP - Round 1 -  Group 'A'"]
[Site "SchemingMind.com"]
[Date "2008.03.14"]
[Round "-"]
[White "dtedesco"]
[Black "Carl Lenox"]
[Result "1-0"]
[WhiteCountry "CAN"]
[BlackCountry "CAN"]
[WhiteElo "1379"]
[WhiteRD "56"]
[BlackElo "1211"]
[BlackRD "78"]
[GameID "146038"]

1. e4 e5 2. f4 Nc6 3. Nf3 Nf6 4. Nc3 d6 5. Bc4 Be6 6. Bxe6 fxe6 7. d3 exf4 8. Bxf4 d5 9. Nb5 Bb4+ 10. c3 Ba5
11. Qe2 Qd7 12. O-O-O Nxe4 13. dxe4 a6 14. exd5 Ne7 15. dxe6 Qc8 16. Nbd4 b6 17. Qe5 c5 18. Qxg7 Rf8 19. Bd6 cxd4 20. Qxe7#
1-0

[Event "UNDER 1600 WORLD CUP - Round 1 -  Group 'A'"]
[Site "SchemingMind.com"]
[Date "2008.03.17"]
[Round "-"]
[White "Jochen"]
[Black "dtedesco"]
[Result "0-1"]
[WhiteCountry "GBR"]
[BlackCountry "CAN"]
[WhiteElo "1118"]
[WhiteRD "74"]
[BlackElo "1437"]
[BlackRD "51"]
[GameID "146267"]

1. d3 e5 2. g3 d5 3. Bg2 Nf6 4. Nc3 Nc6 5. a3 Bc5 6. Nf3 b6 7. Ng5 O-O 8. h4 Ng4 9. Bxd5 Qf6 10. O-O Bxf2+
11. Kg2 a6 12. Nge4 Qg6 13. Rh1 Be3 14. Nd2 Bd7 15. Rf1 Rae8 16. Nde4 h6 17. Rh1 Nd4 18. Rf1 Kh8 19. Kh3 Nf2+ 20. Kg2 Bh3+
21. Kh2 Nf5 22. Bc6 Re6 23. Bd7 Nxd1 24. Rxd1 Qg4 25. Na4 Re7 26. Bc6 Nxg3 27. Bxe3 Nf1+ 28. Kh1 Qg2#
0-1

[Event "UNDER 1600 WORLD CUP - Round 1 -  Group 'A'"]
[Site "SchemingMind.com"]
[Date "2008.03.17"]
[Round "-"]
[White "Jochen"]
[Black "Carl Lenox"]
[Result "0-1"]
[WhiteCountry "GBR"]
[BlackCountry "CAN"]
[WhiteElo "1118"]
[WhiteRD "74"]
[BlackElo "1230"]
[BlackRD "65"]
[GameID "146268"]

1. e3 e5 2. d4 Nc6 3. Bc4 Nf6 4. Nc3 Bb4 5. a3 Ba5 6. b4 Bxb4 7. Bd2 d5 8. Bd3 Bg4 9. axb4 e4 10. Be2 Bf5
11. Nh3 O-O 12. Nf4 Qd6 13. Nb5 Qd7 14. h3 a6 15. Nc3 Nxb4 16. Ncxd5 Nbxd5 17. c3 b6 18. c4 Ne7 19. d5 Rad8 20. g4 Bg6
21. g5 Ne8 22. Bg4 f5 23. Be2 c6 24. Ne6 Rf7 25. Nxd8 Qxd8 26. Rxa6 b5 27. Qc1 Qc8 28. Rb6 cxd5 29. h4 Qc5 30. Rb8 Rf8
31. Bc3 Nc6 32. Rc8 b4 33. Bd4 Qe7 34. Rxc6 b3 35. Bc5 Qb7 36. Re6 b2 37. Qb1 Bf7 38. Rb6 Qa7 39. Qxb2 Qa5+ 40. Kf1 Qxc5
41. Rb8 Qd6 42. Rh3 dxc4 43. Qb1 c3 44. Rf3 exf3 45. Bxf3 Bc4+ 46. Kg2 f4 47. Be4 Bd5 48. Rb6 Qd7 49. exf4 Qg4+ 50. Kf1 Qxf4
51. Bxd5+ Kh8 52. f3 Qxh4 53. Qc1 Qxg5 54. Qxc3 Qxd5 55. Kg2 Qg5+ 56. Kf2 h5 57. Qc6 h4 58. Rb8 Qg3+ 59. Ke3 Qxb8 60. Qc4 h3
61. Qh4+ Kg8 62. Qxh3 Qe5+ 63. Kf2 Nf6 64. Qh4 Re8 65. Qc4+ Re6 66. Qc8+ Re8 67. Qc4+ Kh7 68. Qh4+ Kg8 69. Qc4+ Nd5 70. Qc2 Nc3
71. Qb3+ Nd5 72. Qb7 Qe2+ 73. Kg3 Qe1+ 74. Kh2 Re2+ 75. Kh3 Qf1+ 76. Kg4 Qg2+ 77. Kf5 Qxf3+ 78. Kg6 Qg4#
0-1

[Event "UNDER 1600 WORLD CUP - Round 1 -  Group 'A'"]
[Site "SchemingMind.com"]
[Date "2008.03.17"]
[Round "-"]
[White "dtedesco"]
[Black "Jochen"]
[Result "1-0"]
[WhiteCountry "CAN"]
[BlackCountry "GBR"]
[WhiteElo "1437"]
[WhiteRD "51"]
[BlackElo "1118"]
[BlackRD "74"]
[GameID "146269"]

1. e4 e5 2. f4 exf4 3. Nf3 Nc6 4. d4 Nf6 5. Nc3 Bb4 6. Bxf4 h6 7. Qe2 Ng4 8. O-O-O O-O 9. d5 Na5 10. Nd2 Nf6
11. Be3 b6 12. Qf3 g6 13. Bxh6 Re8 14. Bd3 Nh5 15. Rhf1 d6 16. Qxf7+ Kh8 17. e5 Bg4 18. Bxg6 Bc5 19. Qh7#
1-0

[Event "UNDER 1600 WORLD CUP - Round 1 -  Group 'A'"]
[Site "SchemingMind.com"]
[Date "2008.03.17"]
[Round "-"]
[White "Carl Lenox"]
[Black "Jochen"]
[Result "1-0"]
[WhiteCountry "CAN"]
[BlackCountry "GBR"]
[WhiteElo "1230"]
[WhiteRD "65"]
[BlackElo "1118"]
[BlackRD "74"]
[GameID "146270"]

1. e4 e6 2. d4 Nf6 3. Nf3 Nxe4 4. Bd3 f5 5. Bg5 Be7 6. O-O a6 7. Nc3 c6 8. Qe2 Bxg5 9. Ne5 Nxc3 10. bxc3 O-O
11. Rad1 d6 12. Nf3 Bf4 13. c4 Qa5 14. d5 Qd8 15. dxe6 Qe8 16. e7 Rf6 17. Rde1 c5 18. Ng5 Bxg5 19. c3 Nc6 20. Rb1 Ne5
21. Bc2 Qxe7 22. Qh5 Nxc4 23. Bb3 g6 24. Qh3 d5 25. Rbd1 b6 26. Rxd5 Nb2 27. Rd2+ Kf8 28. Rxb2 b5 29. a4 c4 30. Qf3 Ra7
31. Bd1 Bb7 32. Qg3 Bc1 33. Qb8+ Kf7 34. Re2 Re6 35. Qxa7 Ba3 36. Qb8 Bd6 37. Qh8 Bd5 38. Qxh7+ Kf6 39. Qh8+ Kg5 40. h4+ Kg4
41. Re3+ Kf4 42. g3#
1-0

[Event "UNDER 1600 WORLD CUP - Round 1 -  Group 'A'"]
[Site "SchemingMind.com"]
[Date "2008.03.17"]
[Round "-"]
[White "cnbcad"]
[Black "Jochen"]
[Result "1-0"]
[WhiteCountry "USA"]
[BlackCountry "GBR"]
[WhiteElo "1635"]
[WhiteRD "50"]
[BlackElo "1118"]
[BlackRD "74"]
[GameID "146308"]

1. e4 e6 2. d4 Nf6 3. e5 Ne4 4. Bd3 Qh4 5. g3 Qe7 6. Bxe4 Nc6 7. c3 g6 8. h4 Na5 9. b4 Nc4 10. Bd3 Nb6
11. Bg5 f6 12. Bxf6 Qf7 13. Bxh8 Nd5 14. Bf6 b6 15. Be4 Ba6 16. a4 Be7 17. Bxe7 Qxe7 18. b5 Bb7 19. Nd2 Nxc3 20. Qc2 Nd5
21. Ngf3 Qb4 22. Bxd5 Bxd5 23. O-O h6 24. Qxc7 Qb2 25. Qd6 Rc8 26. a5 h5 27. axb6 Qxb5 28. Rxa7 Qd3 29. Qxd7+ Kf8 30. Qf7#
1-0

[Event "UNDER 1600 WORLD CUP - Round 1 -  Group 'A'"]
[Site "SchemingMind.com"]
[Date "2008.03.17"]
[Round "-"]
[White "cnbcad"]
[Black "dtedesco"]
[Result "1-0"]
[WhiteCountry "USA"]
[BlackCountry "CAN"]
[WhiteElo "1635"]
[WhiteRD "50"]
[BlackElo "1437"]
[BlackRD "51"]
[GameID "146309"]

1. e4 c5 2. c4 Nc6 3. Nf3 g6 4. Nc3 Bg7 5. b3 e6 6. Bb2 a6 7. Be2 Nf6 8. O-O b6 9. e5 Nh5 10. Ne4 O-O
11. Nfg5 Qc7 12. Bxh5 gxh5 13. Qxh5 h6 14. Nf6+ Kh8 15. Nxf7+ Rxf7 16. Qxf7 Bb7 17. Ne8 Rxe8 18. Qxe8+ Kh7 19. h4 Nxe5 20. Qe7 Qc6
21. f3 d6 22. Rae1 Ng6 23. Qxg7#
1-0

[Event "UNDER 1600 WORLD CUP - Round 1 -  Group 'A'"]
[Site "SchemingMind.com"]
[Date "2008.03.17"]
[Round "-"]
[White "cnbcad"]
[Black "Carl Lenox"]
[Result "1-0"]
[WhiteCountry "USA"]
[BlackCountry "CAN"]
[WhiteElo "1635"]
[WhiteRD "50"]
[BlackElo "1230"]
[BlackRD "65"]
[GameID "146310"]

1. e4 e5 2. Nf3 Nc6 3. Bc4 Nf6 4. Ng5 Bb4 5. Nxf7 Qe7 6. Nxh8 d6 7. Nf7 Bg4 8. f3 Be6 9. Bxe6 Qxe6 10. Ng5 Qe7
11. c3 Ba5 12. O-O Bb6+ 13. d4 O-O-O 14. Kh1 h6 15. d5 Nb8 16. Ne6 Rg8 17. a4 h5 18. Bg5 h4 19. Bxh4 Nbd7 20. a5 Bxa5
21. Rxa5 Rh8 22. Bxf6 Qxf6 23. Rxa7 Qh6 24. Ra8+ Nb8 25. h3 Kd7 26. Qa4+ Kc8 27. Qc4 Kd7 28. Qxc7+
1-0

[Event "UNDER 1600 WORLD CUP - Round 1 -  Group 'A'"]
[Site "SchemingMind.com"]
[Date "2008.03.17"]
[Round "-"]
[White "Jochen"]
[Black "cnbcad"]
[Result "0-1"]
[WhiteCountry "GBR"]
[BlackCountry "USA"]
[WhiteElo "1118"]
[WhiteRD "74"]
[BlackElo "1635"]
[BlackRD "50"]
[GameID "146311"]

1. b4 d5 2. d4 e6 3. a3 Nf6 4. Nc3 a5 5. Qd2 axb4 6. Nb5 c6 7. Nc7+ Qxc7 8. Nf3 Qb6 9. e3 bxa3 10. Ne5 a2
11. Qd3 Bb4+ 12. c3 Bd6 13. g3 Qa5 14. Bd2 Qb6 15. Bh3 Qb2 16. Rd1 a1=Q 17. Rxa1 Rxa1+ 18. Ke2 Rxh1 19. Bg2 Rxh2 20. Bf3 Ne4
21. Bxe4 b6 22. Bf3 Ba6 23. c4 Bxc4 24. g4 Bxd3+ 25. Kxd3 Rxf2 26. e4 Qxd2#
0-1

[Event "UNDER 1600 WORLD CUP - Round 1 -  Group 'A'"]
[Site "SchemingMind.com"]
[Date "2008.03.17"]
[Round "-"]
[White "dtedesco"]
[Black "cnbcad"]
[Result "0-1"]
[WhiteCountry "CAN"]
[BlackCountry "USA"]
[WhiteElo "1437"]
[WhiteRD "51"]
[BlackElo "1635"]
[BlackRD "50"]
[GameID "146312"]

1. e4 e5 2. f4 exf4 3. Nf3 Be7 4. d4 g5 5. Bc4 h6 6. Ne5 Rh7 7. Qh5 d5 8. Bxd5 Rg7 9. Rf1 c6 10. Bxf7+ Kf8
11. Bxf4 gxf4 12. Rxf4 Bf6 13. Bxg8 Kxg8 14. Nc3 Bg5 15. Rf7 Be3 16. Nf3 Bg4 17. Qe5 Rxf7 18. Qg3 Rg7 19. Qh4 Qxh4+ 20. Nxh4 Nd7
21. h3 Be6 22. d5 cxd5 23. exd5 Bf7 24. g4 Re8 25. Nf5 Rg6 26. Rd1 Ne5 27. d6 Nd7 28. Nxe3 Rxe3+ 29. Ne2 Bc4 30. Kd2 Rxe2+
31. Kc3 Ba6 32. b3 Rge6 33. a4 Kf8 34. h4 Ke8 35. a5 R6e3+ 36. Kb2 Bd3 37. Rxd3 Rxd3
0-1

[Event "UNDER 1600 WORLD CUP - Round 1 -  Group 'A'"]
[Site "SchemingMind.com"]
[Date "2008.03.17"]
[Round "-"]
[White "Carl Lenox"]
[Black "cnbcad"]
[Result "0-1"]
[WhiteCountry "CAN"]
[BlackCountry "USA"]
[WhiteElo "1230"]
[WhiteRD "65"]
[BlackElo "1635"]
[BlackRD "50"]
[GameID "146313"]

1. e4 e5 2. Nc3 Nf6 3. Nf3 Bb4 4. d4 Bxc3+ 5. bxc3 Nxe4 6. Bg5 Nxg5 7. dxe5 Nxf3+ 8. gxf3 d6 9. f4 dxe5 10. fxe5 Qxd1+
11. Kxd1 O-O 12. Bc4 Bg4+ 13. Kc1 Nc6 14. Re1 Be6 15. Bb3 Rfe8 16. Kb2 Bxb3 17. cxb3 Nxe5 18. Rad1 Nd3+ 19. Rxd3 Rxe1 20. f4 Re2+
21. Kc1 f5 22. h4 Rh2 23. Rd5 Re8 24. Rd1 Ree2 25. Rd8+ Kf7
0-1

[Event "UNDER 1600 WORLD CUP - Round 1 -  Group 'A'"]
[Site "SchemingMind.com"]
[Date "2008.03.17"]
[Round "-"]
[White "jorge47"]
[Black "cnbcad"]
[Result "0-1"]
[WhiteCountry "ARG"]
[BlackCountry "USA"]
[WhiteElo "1334"]
[WhiteRD "75"]
[BlackElo "1635"]
[BlackRD "50"]
[GameID "146508"]

1. e4 e5 2. Nf3 Nc6 3. Bc4 h6 4. O-O Nf6 5. Re1 a6 6. a3 b5 7. Bd5 Bb7 8. c4 Bc5 9. b4 Bd6 10. c5 Be7
11. Qb3 a5 12. Bxc6 Bxc6
0-1

[Event "UNDER 1600 WORLD CUP - Round 1 -  Group 'A'"]
[Site "SchemingMind.com"]
[Date "2008.03.17"]
[Round "-"]
[White "jorge47"]
[Black "Jochen"]
[Result "0-1"]
[WhiteCountry "ARG"]
[BlackCountry "GBR"]
[WhiteElo "1334"]
[WhiteRD "75"]
[BlackElo "1118"]
[BlackRD "74"]
[GameID "146509"]

1. e4 e5 2. Nf3 g6 3. Bc4 Nc6 4. O-O Nf6 5. Re1 h6 6. c3 a6 7. a4 Na5 8. Ba2 Bc5 9. Nxe5 O-O 10. d4 Bb6
11. b4 Nc6 12. a5 Nxe5 13. dxe5 h5 14. axb6 Ng4
0-1

[Event "UNDER 1600 WORLD CUP - Round 1 -  Group 'A'"]
[Site "SchemingMind.com"]
[Date "2008.03.17"]
[Round "-"]
[White "jorge47"]
[Black "dtedesco"]
[Result "0-1"]
[WhiteCountry "ARG"]
[BlackCountry "CAN"]
[WhiteElo "1334"]
[WhiteRD "75"]
[BlackElo "1437"]
[BlackRD "51"]
[GameID "146510"]

1. e4 c5 2. Nf3 d6 3. d4 Nc6 4. d5 Nb4 5. a3 Qa5 6. Bd2 Nf6 7. Bd3 c4 8. Bxb4 Qb5 9. Nd4 Qd7 10. Bxc4 Nxe4
11. O-O a6 12. Qf3 Ng5
0-1

[Event "UNDER 1600 WORLD CUP - Round 1 -  Group 'A'"]
[Site "SchemingMind.com"]
[Date "2008.03.17"]
[Round "-"]
[White "jorge47"]
[Black "Carl Lenox"]
[Result "0-1"]
[WhiteCountry "ARG"]
[BlackCountry "CAN"]
[WhiteElo "1334"]
[WhiteRD "75"]
[BlackElo "1230"]
[BlackRD "65"]
[GameID "146511"]

1. e4 e5 2. Nf3 Nc6 3. Bc4 Nf6 4. d3 Bb4+ 5. c3 Ba5 6. b4 Bxb4 7. cxb4 d5 8. exd5 Nxb4 9. Qa4+ Nc6 10. dxc6 b6
11. Nc3 O-O 12. Ba3 Re8 13. Ba6 Qxd3 14. Bb7 Qxc3+ 15. Ke2 Bg4 16. Rac1 Qa5 17. Qxa5 bxa5 18. Bxa8 e4 19. Rb1 Rxa8 20. h3 Be6
21. Ng5 Bc4+ 22. Kd2 Rd8+ 23. Kc1 Nd5
0-1

[Event "UNDER 1600 WORLD CUP - Round 1 -  Group 'A'"]
[Site "SchemingMind.com"]
[Date "2008.03.18"]
[Round "-"]
[White "cnbcad"]
[Black "jorge47"]
[Result "1-0"]
[WhiteCountry "USA"]
[BlackCountry "ARG"]
[WhiteElo "1635"]
[WhiteRD "50"]
[BlackElo "1334"]
[BlackRD "75"]
[GameID "146512"]

1. e4 c5 2. d4 cxd4 3. Qxd4 Nc6 4. Qd1 e5 5. Nf3 Nf6 6. Bc4 Be7 7. Nc3 O-O 8. Bd5 b6 9. Nxe5 Nxd5 10. Nxd5 Nxe5
11. Nc3 Bb7 12. f4
1-0

[Event "UNDER 1600 WORLD CUP - Round 1 -  Group 'A'"]
[Site "SchemingMind.com"]
[Date "2008.03.18"]
[Round "-"]
[White "Jochen"]
[Black "jorge47"]
[Result "1-0"]
[WhiteCountry "GBR"]
[BlackCountry "ARG"]
[WhiteElo "1118"]
[WhiteRD "74"]
[BlackElo "1334"]
[BlackRD "75"]
[GameID "146513"]

1. g3 g6 2. Nf3 Bg7 3. d3 b6 4. Bg2 Bb7 5. Nc3 e5 6. Bg5 f6 7. Be3 Ne7 8. Nh4 O-O 9. Bxb7 Nbc6 10. Ne4 Rb8
11. Ba6 Nb4 12. Bc4+ d5 13. Bb5 dxe4 14. Rb1
1-0

[Event "UNDER 1600 WORLD CUP - Round 1 -  Group 'A'"]
[Site "SchemingMind.com"]
[Date "2008.03.18"]
[Round "-"]
[White "dtedesco"]
[Black "jorge47"]
[Result "1-0"]
[WhiteCountry "CAN"]
[BlackCountry "ARG"]
[WhiteElo "1437"]
[WhiteRD "51"]
[BlackElo "1334"]
[BlackRD "75"]
[GameID "146514"]

1. e4 c5 2. Nf3 d6 3. Nc3 Nf6 4. d4 cxd4 5. Nxd4 e6 6. Bb5+ Bd7 7. O-O a6 8. Ba4 Bxa4 9. b3 Bd7 10. Bb2 Be7
11. Nce2
1-0

[Event "UNDER 1600 WORLD CUP - Round 1 -  Group 'A'"]
[Site "SchemingMind.com"]
[Date "2008.03.18"]
[Round "-"]
[White "Carl Lenox"]
[Black "jorge47"]
[Result "1-0"]
[WhiteCountry "CAN"]
[BlackCountry "ARG"]
[WhiteElo "1230"]
[WhiteRD "65"]
[BlackElo "1334"]
[BlackRD "75"]
[GameID "146515"]

1. e4 c5 2. Nc3 Nc6 3. Nf3 d6 4. Bb5 Bd7 5. d3 a6 6. Bc4 b5 7. Bd5 g6 8. Bg5 Bg7 9. O-O Nf6 10. Qe2 O-O
11. Bh4 e6 12. Bb3 Na5 13. Rad1 Nxb3 14. cxb3 a5 15. d4 cxd4 16. Rxd4 Qc7 17. a4 Ng4 18. Nxb5 Bxb5 19. Qxb5 Bxd4 20. Nxd4 Rab8
21. Qe2 Ne5 22. Qe3
1-0

[Event "UNDER 1600 WORLD CUP - Round 1 -  Group 'A'"]
[Site "SchemingMind.com"]
[Date "2008.03.19"]
[Round "-"]
[White "hitmanhicks"]
[Black "cnbcad"]
[Result "0-1"]
[WhiteCountry "CAN"]
[BlackCountry "USA"]
[WhiteElo "1537"]
[WhiteRD "93"]
[BlackElo "1635"]
[BlackRD "50"]
[GameID "146706"]

1. e4 e5 2. Nf3 Nc6 3. Bb5 a6 4. Bxc6 bxc6 5. Nxe5 d6 6. Nxc6 Qf6 7. O-O Bb7 8. Nb4 Be7 9. Nd5 Bxd5 10. exd5 O-O-O
11. c4 h5 12. Nc3 g5 13. Ne4 Qg6 14. d3 f5 15. Nc3 g4 16. g3 h4 17. Qa4 hxg3 18. Qxa6+ Kb8 19. Nb5 Rd7 20. fxg3 c5
21. Qb6+ Rb7 22. Qa5 Qh5 23. Bf4 Qxh2#
0-1

[Event "UNDER 1600 WORLD CUP - Round 1 -  Group 'A'"]
[Site "SchemingMind.com"]
[Date "2008.03.19"]
[Round "-"]
[White "hitmanhicks"]
[Black "jorge47"]
[Result "1-0"]
[WhiteCountry "CAN"]
[BlackCountry "ARG"]
[WhiteElo "1537"]
[WhiteRD "93"]
[BlackElo "1334"]
[BlackRD "75"]
[GameID "146707"]

1. e4 c5 2. Bc4 Nc6 3. Nc3 d6 4. Qf3 Ne5 5. Qe2 g6 6. Nf3 Nxc4 7. Qxc4 Bg7 8. O-O e6 9. Qe2 Ne7 10. e5 d5
11. Qb5+
1-0

[Event "UNDER 1600 WORLD CUP - Round 1 -  Group 'A'"]
[Site "SchemingMind.com"]
[Date "2008.03.19"]
[Round "-"]
[White "hitmanhicks"]
[Black "Jochen"]
[Result "1-0"]
[WhiteCountry "CAN"]
[BlackCountry "GBR"]
[WhiteElo "1537"]
[WhiteRD "93"]
[BlackElo "1118"]
[BlackRD "74"]
[GameID "146708"]

1. e4 b6 2. d4 Bb7 3. Nc3 Nf6 4. e5 Nd5 5. Qf3 e6 6. Nxd5 Bxd5 7. Qd3 g6 8. c4 Nc6 9. cxd5 Nb4 10. Qd1 exd5
11. a3 Nc6 12. b4 Nxd4 13. Qxd4 Qg5 14. Bxg5 h6 15. Be3 Be7 16. Qc3 c6 17. f4 Bh4+ 18. g3 Be7 19. Bh3 h5 20. b5 cxb5
21. Qc7 Kf8 22. Qxd7 Rd8 23. Qxa7 h4 24. Bxb6 Rc8 25. Bxc8 Kg7 26. Bb7 Kh6 27. Bxd5 Rc8 28. Qxe7 Rc3 29. Qxh4+ Kg7 30. Qf6+ Kh6
31. Bxf7 Rd3 32. Qxg6#
1-0

[Event "UNDER 1600 WORLD CUP - Round 1 -  Group 'A'"]
[Site "SchemingMind.com"]
[Date "2008.03.19"]
[Round "-"]
[White "hitmanhicks"]
[Black "dtedesco"]
[Result "1-0"]
[WhiteCountry "CAN"]
[BlackCountry "CAN"]
[WhiteElo "1537"]
[WhiteRD "93"]
[BlackElo "1437"]
[BlackRD "51"]
[GameID "146709"]

1. Nc3 d5 2. d4 Nf6 3. Bg5 e6 4. Bxf6 Qxf6 5. Nf3 a6 6. e4 Bb4 7. e5 Qe7 8. Qd2 Nc6 9. a3 Ba5 10. b4 Bb6
11. Ne2 O-O 12. c3 Nd8 13. g3 Bd7 14. Bh3 h6 15. O-O a5 16. Qd3 axb4 17. cxb4 Ba7 18. Rfc1 c6 19. a4 b6 20. b5 f6
21. bxc6 Nxc6 22. Qa6 Nb4 23. Qb7 Rfb8 24. Qc7 Rb7 25. exf6 gxf6 26. Qxb7 Qe8 27. a5 Bb5 28. Bf1 Nc6 29. axb6 Nd8 30. Qxa8 Bxb6
31. Qb8 Bxe2 32. Bxe2 Kf7 33. Qxb6 Kg7 34. Rc8 Kf7 35. Rxd8
1-0

[Event "UNDER 1600 WORLD CUP - Round 1 -  Group 'A'"]
[Site "SchemingMind.com"]
[Date "2008.03.18"]
[Round "-"]
[White "hitmanhicks"]
[Black "Carl Lenox"]
[Result "1-0"]
[WhiteCountry "CAN"]
[BlackCountry "CAN"]
[WhiteElo "1503"]
[WhiteRD "125"]
[BlackElo "1211"]
[BlackRD "78"]
[GameID "146710"]

1. e4 e5 2. Nf3 Nf6 3. Nc3 Nc6 4. Bc4 Bb4 5. a3 d6 6. axb4 Nxb4 7. O-O Bg4 8. h3 Bd7 9. d4 Nc6 10. d5 O-O
11. Be3 Nb4 12. Bb5 c6 13. dxc6 Bxc6 14. Bxc6 bxc6 15. Bg5 Rb8 16. Rxa7 d5 17. exd5 cxd5 18. Nxe5 Qb6 19. Ra1 Qc7 20. Bxf6 gxf6
21. Nf3 Rbe8 22. Nb5 Qc4 23. Nc3 Rd8 24. Nd2 Qc5 25. Nb3 Qd6 26. Nb1 f5 27. c3 Nc6 28. Na5 Ne5 29. Nb7 Qc7 30. Nxd8 Qxd8
31. f4 Nc4 32. Qb3 Ne3 33. Re1 Re8 34. Na3 Qh4 35. Nc2 Qxf4 36. Nxe3 Qh4 37. Nc2 f4 38. Rxe8+ Kg7 39. Qxd5 Qf6 40. Nd4 Qb6
41. b4 Qg6 42. Qe4 Qg5 43. Rf1 Qg3 44. Ne2 Qxc3 45. Nxc3
1-0

[Event "UNDER 1600 WORLD CUP - Round 1 -  Group 'A'"]
[Site "SchemingMind.com"]
[Date "2008.03.19"]
[Round "-"]
[White "cnbcad"]
[Black "hitmanhicks"]
[Result "1-0"]
[WhiteCountry "USA"]
[BlackCountry "CAN"]
[WhiteElo "1635"]
[WhiteRD "50"]
[BlackElo "1537"]
[BlackRD "93"]
[GameID "146711"]

1. e4 e5 2. Nf3 Nc6 3. Bc4 h6 4. c3 a6 5. Qb3 Qf6 6. O-O b5 7. Bd5 Bb7 8. d4 exd4 9. cxd4 O-O-O 10. Bxf7 Nce7
11. Bd5 Nxd5 12. exd5 d6 13. Nc3 g5 14. a4 c6 15. dxc6 Bxc6 16. axb5 axb5 17. d5 Qf7 18. dxc6 Qxb3 19. Be3 Qxb2 20. Nd5 Bg7
21. Ra8#
1-0

[Event "UNDER 1600 WORLD CUP - Round 1 -  Group 'A'"]
[Site "SchemingMind.com"]
[Date "2008.03.19"]
[Round "-"]
[White "jorge47"]
[Black "hitmanhicks"]
[Result "0-1"]
[WhiteCountry "ARG"]
[BlackCountry "CAN"]
[WhiteElo "1334"]
[WhiteRD "75"]
[BlackElo "1537"]
[BlackRD "93"]
[GameID "146712"]

1. e4 e5 2. Nf3 Nc6 3. Bc4 h6 4. O-O Nf6 5. d3 a6 6. h3 b5 7. Bd5 Bd6 8. c4 Bb7 9. cxb5 axb5 10. Nc3 Nxd5
0-1

[Event "UNDER 1600 WORLD CUP - Round 1 -  Group 'A'"]
[Site "SchemingMind.com"]
[Date "2008.03.19"]
[Round "-"]
[White "Jochen"]
[Black "hitmanhicks"]
[Result "0-1"]
[WhiteCountry "GBR"]
[BlackCountry "CAN"]
[WhiteElo "1118"]
[WhiteRD "74"]
[BlackElo "1537"]
[BlackRD "93"]
[GameID "146713"]

1. d3 e5 2. e4 Bc5 3. Nf3 Nc6 4. Nc3 f6 5. Nd5 a6 6. Be3 Nd4 7. Bxd4 exd4 8. Nh4 c6 9. Nf4 g5 10. Qh5+ Ke7
11. Nf5+ Kf8 12. Qh6+ Nxh6 13. Nxh6 Bd6 14. Ne2 Bb4+ 15. Kd1 d5 16. Ng3 Kg7 17. Nhf5+ Kg6 18. a3 Qa5 19. Ne7+ Bxe7 20. Be2 Qb5
21. Bh5+ Kh6 22. b4 Bd6 23. h3 Bxg3 24. Be2 Bxf2 25. Bg4 Bxg4+ 26. Kd2 Bd7 27. Rab1 a5 28. g4 axb4 29. Rb3 c5 30. exd5 Ra4
31. Rh2 Be3+ 32. Ke2 c4 33. dxc4 Qxc4+ 34. Kf3 Qxd5+ 35. Ke2 Bb5+ 36. Ke1 d3 37. cxd3 Qxb3 38. Re2 Qxd3 39. Rg2 Qf1#
0-1

[Event "UNDER 1600 WORLD CUP - Round 1 -  Group 'A'"]
[Site "SchemingMind.com"]
[Date "2008.03.20"]
[Round "-"]
[White "dtedesco"]
[Black "hitmanhicks"]
[Result "1-0"]
[WhiteCountry "CAN"]
[BlackCountry "CAN"]
[WhiteElo "1437"]
[WhiteRD "51"]
[BlackElo "1537"]
[BlackRD "93"]
[GameID "146714"]

1. e4 e5 2. f4 d6 3. Nf3 Bg4 4. Bc4 exf4 5. d4 f5 6. exf5 Bxf5 7. Bxf4 Nc6 8. Nc3 Qe7+ 9. Ne2 h6 10. Qd2 g5
11. O-O-O O-O-O 12. Be3 g4 13. Ne1 Nf6 14. d5 Ne5 15. Qd4 b6 16. Bb5 Ne4 17. Bf4 Bg7 18. Rf1 Ng6 19. Qa4 Nc5 20. Qxa7 Bd7
21. Qa8#
1-0

[Event "UNDER 1600 WORLD CUP - Round 1 -  Group 'A'"]
[Site "SchemingMind.com"]
[Date "2008.03.18"]
[Round "-"]
[White "Carl Lenox"]
[Black "hitmanhicks"]
[Result "0-1"]
[WhiteCountry "CAN"]
[BlackCountry "CAN"]
[WhiteElo "1211"]
[WhiteRD "78"]
[BlackElo "1503"]
[BlackRD "125"]
[GameID "146715"]

1. e4 e5 2. Nf3 Nc6 3. Nc3 Nf6 4. Bc4 a6 5. d3 b5 6. Bg5 bxc4 7. b3 cxd3 8. Qxd3 Nb4 9. Qd2 Nc6 10. O-O h6
11. Bh4 g5 12. Bxg5 hxg5 13. Nxg5 Bh6 14. Rae1 Ng4 15. f4 f6 16. Nh3 d6 17. Qd5 Bb7 18. Qe6+ Qe7 19. Qxg4 Bc8 20. Qd1 Bxh3
21. gxh3 Bxf4 22. Nd5 Qd8 23. h4 Rxh4 24. a4 Ne7 25. Nxf6+ Kf7 26. Nd5 Nxd5 27. exd5 Qg8+ 28. Kf2 Rxh2+ 29. Kf3 Qg3+ 30. Ke4 Rb8
31. Kf5 Qg5+ 32. Ke4 Rb4+ 33. Kd3 Qg3+ 34. Rf3 Qg6+ 35. Kc3 Rd4 36. Qa1 Qxc2#
0-1